000
00312nam a2200121Ia 4500
008
241028s9999 xx 000 0 und d
041
_a
eng
082
_a
658.56 SMI
100
_a
Diane Smith
245
_a
Principles Of Product Management
260
_b
States Academic Press
_a
USA
_c
2022
300
_a
238;. P. 27 cm
999
_c
42874
_d
42874